Normal view
MARC view
Entry Uniform Title
001 - CONTROL NUMBER
- control field: 2949
003 - CONTROL NUMBER IDENTIFIER
- control field: BD-RjUL
005 - DATE AND TIME OF LATEST TRANSACTION
- control field: 20220511162444.0
008 - FIXED-LENGTH DATA ELEMENTS
- fixed length control field: 220511|| aca||aabn | a|a d
040 ## - CATALOGING SOURCE
- Original cataloging agency: BD-RjUL
- Transcribing agency: BD-RjUL
130 ## - HEADING--UNIFORM TITLE
- Uniform title: The Arden edition of the works of William Shakespeare
670 ## - SOURCE DATA FOUND
- Source citation: Work cat.: (BD-RjUL)55658: Shakespeare, William, 1564-1616, 165784, King Lear /, 1952 [Reprinted 1955,1961]